| 000 | 00619nam a2200217 a 4500 | ||
|---|---|---|---|
| 001 | 1268 | ||
| 003 | CDMR | ||
| 005 | 20131212101746.0 | ||
| 008 | 130130s2002||||sp |||||||||||||||||spa|d | ||
| 040 |
_aCDMR _bcat _cCDMR |
||
| 100 | 1 |
_aMattelart, Armand _9379 |
|
| 245 | 1 | 0 |
_aHistoria de la sociedad de la información _cArmand Mattelart |
| 250 | _aEd. rev. i corr. | ||
| 260 |
_aBarcelona _bPaidós _c2002 |
||
| 300 | _a193 p. | ||
| 490 | 0 |
_aPaidós comunicación _v132 |
|
| 650 | 0 | 4 |
_93156 _aSocietat de la informació |
| 650 | 0 | 4 |
_94072 _aHistòria social |
| 650 | 0 | 4 |
_94423 _aTecnologia i civilització |
| 942 |
_cMON _2udc |
||
| 999 |
_c1268 _d1268 |
||